| 000 | 00380cam a2200133ua 4500 | ||
|---|---|---|---|
| 082 |
_a338.521 _bWAT/VI |
||
| 100 |
_aWatson, Donald Stevenson . _91715 |
||
| 245 | _aVilasidhanthavum Atinte Upayogangalum / | ||
| 260 |
_aThiruvananthapuram : _bState Instititute of Languages , _c1974. |
||
| 300 | _a612 ; . | ||
| 650 |
_aEconomics _91716 |
||
| 650 |
_aPrice Theory _91717 |
||
| 942 | _cBK | ||
| 999 |
_c969 _d969 |
||